| 000 | 01187nam a22003377a 4500 | ||
|---|---|---|---|
| 003 | CHAP | ||
| 005 | 20220817044535.0 | ||
| 008 | 120816s2010 mx r 00010 spa d | ||
| 010 | _a103660 | ||
| 011 | _a104632 | ||
| 020 | _a9786077833154 | ||
| 035 | _a115322 | ||
| 040 | _cCHAP | ||
| 082 | 0 | 4 |
_a303.483 _bH11 |
| 245 | 0 | 0 |
_aHacia una nueva relación México - Estados Unidos, visiones progresistas _c/compilado por Zirahuén Villamar |
| 260 |
_aMéxico, D.F. : _bFundación Freiedrich Ebert, _c2010 |
||
| 300 |
_a84 p. : _bmapas |
||
| 590 |
_aBATCH-UPD _b10 _c20130110 _lUCH01 _h1206 |
||
| 590 |
_aBATCH-UPD _b10 _c20130410 _lUCH01 _h0747 |
||
| 590 |
_aBATCH-UPD _b10 _c20130914 _lUCH01 _h1225 |
||
| 590 |
_aBATCH-UPD _b10 _c20161124 _lUCH01 _h1714 |
||
| 590 |
_aCONVERSION _b10 _c20130109 _lUCH01 _h1357 |
||
| 650 | 1 | 4 |
_aE.U.A. _xRelaciones exteriores. _934846 |
| 650 | 1 | 4 |
_aMéxico _xRelaciones exteriores. _976785 |
| 650 | 1 | 4 | _aTratado Trilateral de Libre Comercio. |
| 651 | 4 |
_aMéxico _xPolítica y gobierno. _976783 |
|
| 700 | 1 |
_aVillamar, Zirahuén _e, comp. _9119474 |
|
| 901 | _aBK | ||
| 942 | _cLIBRO | ||
| 949 |
_a303.483 H11 _bBC _cLIBRO _d33724002322355 _eLIBRO _h117290 _i115322 _st |
||
| 999 |
_c103660 _d103660 |
||